[Event "Calvia Amateur op 17th"]
[Site "Calvia"]
[Date "2020.10.13"]
[Round "4"]
[White "Amengual Perello, Jordi"]
[Black "Simo Bordoy, Guillermo"]
[Result "1-0"]
[WhiteElo "2176"]
[BlackElo "1903"]
[PlyCount "69"]
[EventDate "2020.10.10"]
[EventType "swiss"]
[EventRounds "9"]
[EventCountry "ESP"]
[SourceTitle "CBM 198 Extra"]
[Source "ChessBase"]
[SourceDate "2020.11.30"]
[SourceVersion "1"]
[SourceVersionDate "2020.11.30"]
[SourceQuality "1"]

1. Nf3 d5 2. c4 e6 3. g3 Nf6 4. Bg2 c6 5. b3 Be7 6. 0-0 0-0 7. Bb2 b6 8. Qc2 Bb7 9. d3 Na6 10. a3 Rc8 11. Nbd2 c5 12. Ne5 Qc7 13. e3 dxc4 14. Ndxc4 Bxg2 15. Kxg2 b5 16. Nd2 Nd7 17. f4 Nb6 18. Qd1 f6 19. Nef3 Rfd8 20. Qe2 Qd7 21. d4 c4 22. bxc4 bxc4 23. Rfc1 Qa4 24. Ne4 Nd5 25. Nc3 Qc6 26. e4 Nb6 27. Rd1 Na4 28. Nxa4 Qxa4 29. Rac1 Rd6 30. Rc3 Rb6 31. Rdc1 Rcb8 32. R1c2 Qa5 33. Bc1 Rb3 34. Qxc4 Rb1 35. Qxe6+ 1-0

[Event "Calvia Amateur op 17th"]
[Site "Calvia"]
[Date "2020.10.12"]
[Round "3"]
[White "Simo Bordoy, Guillermo"]
[Black "Lacrosse, Marc"]
[Result "1/2-1/2"]
[WhiteElo "1903"]
[BlackElo "2153"]
[PlyCount "102"]
[EventDate "2020.10.10"]
[EventType "swiss"]
[EventRounds "9"]
[EventCountry "ESP"]
[SourceTitle "CBM 198 Extra"]
[Source "ChessBase"]
[SourceDate "2020.11.30"]
[SourceVersion "1"]
[SourceVersionDate "2020.11.30"]
[SourceQuality "1"]

1. e4 e5 2. Nf3 Nc6 3. Bb5 a6 4. Ba4 Nf6 5. d3 b5 6. Bb3 Bc5 7. Nbd2 0-0 8. c3 Re8 9. 0-0 h6 10. Re1 d6 11. Nf1 Bb6 12. Ng3 Be6 13. Be3 Bxe3 14. fxe3 Qd7 15. Rf1 d5 16. exd5 Bxd5 17. Nh4 Bxb3 18. axb3 Qg4 19. Qxg4 Nxg4 20. Rae1 Rad8 21. d4 exd4 22. exd4 Na5 23. Ne4 Nxb3 24. h3 Nf6 25. Nxf6+ gxf6 26. Rxe8+ Rxe8 27. Rxf6 Re6 28. Rxe6 fxe6 29. Nf3 c5 30. dxc5 Nxc5 31. Ne1 e5 32. Kf2 Na4 33. Nd3 e4 34. Nb4 Nxb2 35. Nxa6 Nd1+ 36. Ke2 Nxc3+ 37. Ke3 Kf7 38. Kd4 Ne2+ 39. Kxe4 b4 40. Nc5 Nc1 41. Kf5 b3 42. Na4 Ne2 43. g4 Nd4+ 44. Ke4 Ne6 45. Kf5 Ng7+ 46. Ke5 Kg6 47. h4 Ne8 48. Nb2 Nf6 49. Kf4 Nd5+ 50. Ke5 Ne3 51. Kf4 Ng2+ 1/2-1/2

[Event "Calvia Amateur op 14th"]
[Site "Calvia"]
[Date "2017.10.08"]
[Round "2"]
[White "Hristodorescu, Daniel"]
[Black "Simo Bordoy, Guillermo"]
[Result "1/2-1/2"]
[WhiteElo "2221"]
[BlackElo "1950"]
[PlyCount "127"]
[EventDate "2017.10.07"]
[EventType "swiss"]
[EventRounds "9"]
[EventCountry "ESP"]
[SourceTitle "CBM 181 Extra"]
[Source "ChessBase"]
[SourceDate "2017.12.12"]
[SourceVersion "1"]
[SourceVersionDate "2017.12.12"]
[SourceQuality "1"]

1. e4 c5 2. Nf3 d6 3. Bb5+ Nd7 4. c3 a6 5. Ba4 b5 6. Bc2 Bb7 7. d4 Ngf6 8. Nbd2 e6 9. 0-0 Be7 10. Re1 0-0 11. e5 Ne8 12. Ne4 cxd4 13. cxd4 dxe5 14. dxe5 Nc5 15. Neg5 g6 16. Qe2 Ng7 17. Bf4 Nh5 18. Bd2 Qd5 19. b4 Na4 20. Bb3 Qd7 21. Red1 Nb6 22. Ne4 Rfd8 23. Bg5 Qe8 24. Nd6 Bxf3 25. Qxf3 Rxd6 26. Rxd6 Bxd6 27. exd6 Nd7 28. g4 Ng7 29. Rc1 Ne5 30. Qe2 Nd7 31. Rc7 Rc8 32. a4 Rxc7 33. dxc7 Qc8 34. Bd8 Ne8 35. Qc2 Ne5 36. h3 Nf3+ 37. Kf1 Nd4 38. Qc3 Nxb3 39. axb5 axb5 40. Qxb3 Nxc7 41. Bg5 Nd5 42. Qd3 Qc4 43. Qxc4 bxc4 44. b5 Kf8 45. Ke2 Nc3+ 46. Ke3 Nxb5 47. Ke4 Kg7 48. Ke5 h5 49. f4 hxg4 50. hxg4 c3 51. f5 exf5 52. gxf5 gxf5 53. Kxf5 c2 54. Ke4 Kg6 55. Bd2 Kh5 56. Kd3 Kg4 57. Kxc2 f5 58. Kd3 Nd6 59. Bc1 Ne4 60. Ke3 Kg3 61. Kd4 Nf2 62. Ba3 Kf3 63. Bd6 Ne4 64. Bb8 1/2-1/2

[Event "Calvia Amateur op 6th"]
[Site "Calvia"]
[Date "2009.10.12"]
[Round "3"]
[White "Ask, Josef"]
[Black "Simo Bordoy, Guillermo"]
[Result "1/2-1/2"]
[WhiteElo "2181"]
[BlackElo "2001"]
[PlyCount "82"]
[EventDate "2009.10.10"]
[EventType "swiss"]
[EventRounds "9"]
[EventCountry "ESP"]
[SourceTitle "CBM 132 Extra"]
[Source "ChessBase"]
[SourceDate "2009.11.03"]
[SourceVersion "1"]
[SourceVersionDate "2009.11.03"]
[SourceQuality "1"]

1. c4 Nf6 2. Nc3 e5 3. Nf3 d6 4. d4 Nbd7 5. Bg5 Be7 6. e3 0-0 7. Qc2 exd4 8. Nxd4 Ne5 9. Be2 Ng6 10. h4 Ng4 11. Nf5 N4e5 12. Nxe7+ Nxe7 13. 0-0-0 f6 14. Bf4 Be6 15. Ne4 Qe8 16. h5 N7c6 17. Qc3 b6 18. f3 a5 19. Nd2 Nb4 20. Kb1 Nbc6 21. g4 a4 22. e4 Na5 23. Be3 Qf7 24. Rc1 c5 25. f4 Nec6 26. f5 Bd7 27. h6 g5 28. Rh5 Ne5 29. Bxg5 Nac6 30. Be3 Kh8 31. Nf1 Rg8 32. Rh4 Na5 33. Nd2 Bc6 34. Bf4 Rae8 35. Rg1 Qb7 36. Bf3 Naxc4 37. Ka1 Nxd2 38. Bxd2 b5 39. g5 b4 40. Qe3 c4 41. Rh5 Nxf3 1/2-1/2

[Event "Calvia Amateur op 6th"]
[Site "Calvia"]
[Date "2009.10.12"]
[Round "2"]
[White "Simo Bordoy, Guillermo"]
[Black "Lacrosse, Marc"]
[Result "1/2-1/2"]
[WhiteElo "2001"]
[BlackElo "2179"]
[PlyCount "75"]
[EventDate "2009.10.10"]
[EventType "swiss"]
[EventRounds "9"]
[EventCountry "ESP"]
[SourceTitle "CBM 132 Extra"]
[Source "ChessBase"]
[SourceDate "2009.11.03"]
[SourceVersion "1"]
[SourceVersionDate "2009.11.03"]
[SourceQuality "1"]

1. Nf3 d5 2. g3 Bg4 3. c4 c6 4. Bg2 e6 5. Qb3 Qb6 6. Nc3 Nd7 7. Qxb6 axb6 8. cxd5 exd5 9. 0-0 b5 10. e4 Bxf3 11. Bxf3 d4 12. Ne2 Bc5 13. Nf4 Ne5 14. Be2 Ne7 15. Nd3 Nxd3 16. Bxd3 0-0 17. Kg2 Ra7 18. Bc2 Rfa8 19. d3 Rxa2 20. Rxa2 Rxa2 21. Bb3 Ra1 22. f4 Kf8 23. f5 Ke8 24. g4 f6 25. h4 Bd6 26. g5 Be5 27. h5 fxg5 28. Bxg5 Rxf1 29. Kxf1 h6 30. Bxe7 Kxe7 31. Ke2 Kd6 32. Bf7 b6 33. b3 Kc5 34. Kd2 Kb4 35. Kc2 c5 36. Be6 Ka3 37. Bd7 Kb4 38. Be6 1/2-1/2

[Event "Benidorm op U2000 07th"]
[Site "Benidorm"]
[Date "2008.12.04"]
[Round "6"]
[White "Simo Bordoy, Guillermo"]
[Black "Marceau, Amaury"]
[Result "0-1"]
[WhiteElo "1983"]
[BlackElo "1678"]
[PlyCount "92"]
[EventDate "2008.11.29"]
[EventType "swiss"]
[EventRounds "9"]
[EventCountry "ESP"]
[SourceTitle "CBM 127 Extra"]
[Source "ChessBase"]
[SourceDate "2009.01.08"]
[SourceVersion "2"]
[SourceVersionDate "2009.01.28"]
[SourceQuality "1"]

1. Nf3 Nf6 2. c4 g6 3. Nc3 Bg7 4. e4 d6 5. d4 0-0 6. g3 Nbd7 7. Bg2 e5 8. 0-0 a5 9. h3 exd4 10. Nxd4 Nc5 11. Be3 Re8 12. Qc2 c6 13. Nb3 Ncd7 14. Rad1 Qe7 15. Rfe1 a4 16. Nd2 Nc5 17. b4 axb3 18. axb3 Be6 19. b4 Ncd7 20. f4 Bh6 21. Bf2 Nh5 22. Qd3 Ra3 23. Ndb1 Raa8 24. Qe2 Bxf4 25. gxf4 Nxf4 26. Qf3 Nxg2 27. Qxg2 Ne5 28. Bg3 Nxc4 29. Nd2 Ne5 30. Nf3 Bxh3 31. Qf2 Bg4 32. Nxe5 dxe5 33. Rb1 Red8 34. Bh4 g5 35. Bg3 Rd3 36. Re3 Rad8 37. Nd5 R8xd5 38. exd5 Rxd5 39. Ra3 h5 40. Ra8+ Kg7 41. Qe3 h4 42. Be1 f6 43. Rba1 Qd7 44. Rb8 Rd3 45. Rxb7 Rxe3 46. Rxd7+ Bxd7 0-1

[Event "Benidorm op U2000 07th"]
[Site "Benidorm"]
[Date "2008.12.03"]
[Round "5"]
[White "Harutyunyan, Tigran"]
[Black "Simo Bordoy, Guillermo"]
[Result "1/2-1/2"]
[WhiteElo "1858"]
[BlackElo "1983"]
[PlyCount "71"]
[EventDate "2008.11.29"]
[EventType "swiss"]
[EventRounds "9"]
[EventCountry "ESP"]
[SourceTitle "CBM 127 Extra"]
[Source "ChessBase"]
[SourceDate "2009.01.08"]
[SourceVersion "2"]
[SourceVersionDate "2009.01.28"]
[SourceQuality "1"]

1. d4 Nf6 2. c4 d6 3. Nc3 Nbd7 4. e4 e5 5. d5 g6 6. Be3 Bg7 7. f3 0-0 8. Nh3 Ne8 9. g4 c5 10. Nf2 a6 11. h4 h6 12. Qd2 Kh7 13. h5 g5 14. Ne2 b5 15. b3 bxc4 16. bxc4 Rb8 17. Ng3 f6 18. Bd3 Rf7 19. 0-0 Nf8 20. Rfb1 Rfb7 21. Qc2 Nd7 22. Rxb7 Rxb7 23. Rb1 Qc7 24. Bd2 Bf8 25. Rxb7 Qxb7 26. Ba5 Nb8 27. Nd1 Ng7 28. Qb2 Qxb2 29. Nxb2 Kg8 30. Na4 Nd7 31. Bc2 Kf7 32. Nc3 Be7 33. Ba4 Ke8 34. Bc7 Kf7 35. Nf1 Nf8 36. Bc6 1/2-1/2